002850000a220007300045001000021000002450103000213000058001247730029001821 aHoward, David M.10aOpportunity for a lifetime : "It is high and wonderful privilege to be a professional missionary" aVol. 76, Num. 4 (Octubre-Diciembre, 1996), Página 30 tLatin America Evangelist